000 00576nam a22001937a 4500
005 20251108164302.0
008 250721s1983 xx 000 0 ara d
082 1 4 _a811.409/جور
100 1 _aغريب، جورج
245 1 0 _aعصر بني أمية :
_bنماذج شعرية محلله /
250 _aط4.
264 1 _aبيروت :
_bدار الثقافة،
_c1983.
300 _a214ص
490 0 _aالموسوع في الأدب العربي ؛17
650 1 7 _aالنقد الأدبي
650 1 7 _aالعصر الأموي
942 _2ddc
_cBK
999 _c8362
_d8362